[Event "Senior Women Russian Championship 2022_HL"]
[Site "Saint-Petersburg, Russia"]
[Date "2022.09.28"]
[Round "5.5"]
[White "Sirotkina, Nina"]
[Black "Khropova, Larisa"]
[Result "1-0"]
[TimeControl "Standard: 90min/40moves+30min/end+30sec increment per move starting from move 1"]
[WhiteElo "2190"]
[BlackElo "2031"]

1. d4 {[%clk 01:30:55]} d5 {[%clk 01:30:51]} 2. Bf4 {[%clk 01:30:43]} c5 {[%clk
01:30:15]} 3. e3 {[%clk 01:27:53]} {[%emt 00:02:17]} cxd4 {[%clk 01:29:51]}
{[%emt 00:00:54]} 4. exd4 {[%clk 01:21:44]} {[%emt 00:06:40]} Nf6 {[%clk
01:26:26]} {[%emt 00:03:54]} 5. c3 {[%clk 01:20:12]} {[%emt 00:02:01]} Nc6
{[%clk 01:25:32]} {[%emt 00:01:24]} 6. Bd3 {[%clk 01:16:13]} {[%emt 00:10:29]}
Bg4 {[%clk 01:19:48]} {[%emt 00:06:14]} 7. Qb3 {[%clk 00:59:59]} {[%emt
00:16:43]} Na5 {[%clk 01:15:17]} {[%emt 00:05:01]} 8. Qa4+ {[%clk 00:52:37]}
{[%emt 00:07:52]} Bd7 {[%clk 01:09:55]} {[%emt 00:05:51]} 9. Qc2 {[%clk
00:51:26]} {[%emt 00:01:42]} Rc8 {[%clk 01:02:58]} {[%emt 00:07:27]} 10. Nf3
{[%clk 00:48:44]} {[%emt 00:03:12]} Nc6 {[%clk 00:55:41]} {[%emt 00:07:47]} 11.
Qb3 {[%clk 00:44:41]} {[%emt 00:04:34]} Na5 {[%clk 00:55:00]} {[%emt 00:01:09]}
12. Qd1 {[%clk 00:42:32]} {[%emt 00:02:39]} Qb6 {[%clk 00:48:47]} {[%emt
00:06:44]} 13. Qe2 {[%clk 00:40:30]} {[%emt 00:02:32]} Bg4 {[%clk 00:41:56]}
{[%emt 00:07:20]} 14. b3 {[%clk 00:37:19]} {[%emt 00:03:42]} e6 {[%clk
00:41:49]} {[%emt 00:00:36]} 15. O-O {[%clk 00:36:21]} {[%emt 00:01:28]} a6
{[%clk 00:41:33]} {[%emt 00:00:47]} 16. Qe3 {[%clk 00:34:31]} {[%emt 00:02:19]}
Bxf3 {[%clk 00:36:56]} {[%emt 00:05:06]} 17. Qxf3 {[%clk 00:34:41]} {[%emt
00:00:21]} Be7 {[%clk 00:34:59]} {[%emt 00:02:27]} 18. Nd2 {[%clk 00:28:09]}
{[%emt 00:07:02]} O-O {[%clk 00:33:06]} {[%emt 00:02:23]} 19. Rac1 {[%clk
00:25:41]} {[%emt 00:02:59]} Nc6 {[%clk 00:31:47]} {[%emt 00:01:49]} 20. Rfe1
{[%clk 00:24:08]} {[%emt 00:02:03]} Qd8 {[%clk 00:30:49]} {[%emt 00:01:27]} 21.
Qh3 {[%clk 00:23:21]} {[%emt 00:01:18]} Re8 {[%clk 00:24:04]} {[%emt 00:07:15]}
22. Bg5 {[%clk 00:20:27]} {[%emt 00:03:24]} g6 {[%clk 00:23:19]} {[%emt
00:01:14]} 23. Bh6 {[%clk 00:17:47]} {[%emt 00:03:10]} Nh5 {[%clk 00:16:00]}
{[%emt 00:07:49]} 24. Qe3 {[%clk 00:12:40]} {[%emt 00:05:38]} Ng7 {[%clk
00:14:20]} {[%emt 00:02:10]} 25. g4 {[%clk 00:10:18]} {[%emt 00:02:51]} Bf8
{[%clk 00:12:09]} {[%emt 00:02:40]} 26. Nf3 {[%clk 00:09:05]} {[%emt 00:01:44]}
Be7 {[%clk 00:09:35]} {[%emt 00:03:04]} 27. Kg2 {[%clk 00:08:36]} {[%emt
00:00:59]} Qd7 {[%clk 00:08:25]} {[%emt 00:01:40]} 28. h4 {[%clk 00:07:59]}
{[%emt 00:01:08]} Bf8 {[%clk 00:05:06]} {[%emt 00:03:49]} 29. Qf4 {[%clk
00:05:12]} {[%emt 00:03:17]} Qd6 {[%clk 00:04:37]} {[%emt 00:00:59]} 30. Ne5
{[%clk 00:04:52]} {[%emt 00:00:50]} Nxe5 {[%clk 00:04:54]} {[%emt 00:00:12]} 31.
dxe5 {[%clk 00:04:58]} {[%emt 00:00:25]} Qd7 {[%clk 00:05:09]} {[%emt
00:00:15]} 32. Rh1 {[%clk 00:04:19]} {[%emt 00:01:09]} Qc7 {[%clk 00:03:57]}
{[%emt 54:01:42]} 33. h5 {[%clk 00:03:21]} {[%emt 00:01:28]} b5 {[%clk
00:03:28]} {[%emt 00:00:58]} 34. Bg5 {[%clk 00:02:56]} {[%emt 00:00:55]} Red8
{[%clk 00:02:18]} {[%emt 00:01:40]} 35. hxg6 {[%clk 00:02:00]} {[%emt
00:01:26]} fxg6 {[%clk 00:02:10]} {[%emt 00:00:38]} 36. Bxd8 {[%clk 00:01:12]}
{[%emt 00:01:18]} Qxd8 {[%clk 00:02:07]} {[%emt 00:00:33]} 37. Rh3 {[%clk
00:01:14]} {[%emt 00:00:28]} Rc7 {[%clk 00:02:24]} {[%emt 00:00:14]} 38. Rch1
{[%clk 00:01:24]} {[%emt 00:00:20]} Rf7 {[%clk 00:02:27]} {[%emt 00:00:26]} 39.
Qe3 {[%clk 00:01:37]} {[%emt 00:00:18]} Ne8 {[%clk 00:01:26]} {[%emt 00:01:31]}
40. Bxg6 {[%clk 00:31:33]} {[%emt 00:00:34]} Rg7 {[%clk 00:31:10]} {[%emt
00:00:45]} 41. Bxh7+ {[%clk 00:28:10]} {[%emt 00:03:53]} 1-0

[Event "Senior Women Russian Championship 2022_HL"]
[Site "Saint-Petersburg, Russia"]
[Date "2022.09.28"]
[Round "5.6"]
[White "Titorenko, Natalia I"]
[Black "Solomonova, Lidiya"]
[Result "0-1"]
[TimeControl "Standard: 90min/40moves+30min/end+30sec increment per move starting from move 1"]
[WhiteElo "2024"]
[BlackElo "2168"]

1. e4 {[%clk 01:30:58]} e5 {[%clk 01:30:55]} 2. Nf3 {[%clk 01:31:24]} Nc6
{[%clk 01:31:15]} 3. Bb5 {[%clk 01:31:48]} a6 {[%clk 01:31:38]} 4. Ba4 {[%clk
01:32:16]} Nf6 {[%clk 01:32:00]} 5. O-O {[%clk 01:32:31]} Be7 {[%clk 01:32:21]}
6. Re1 {[%clk 01:32:26]} b5 {[%clk 01:32:46]} 7. Bb3 {[%emt 00:00:02]} d6 8. c3
{[%clk 01:32:56]} O-O {[%clk 01:33:08]} 9. d3 {[%clk 01:31:51]} {[%emt
00:01:25]} Na5 {[%clk 01:31:55]} 10. Bc2 {[%clk 01:32:18]} {[%emt 00:01:46]} c5
{[%clk 01:32:18]} 11. Nbd2 {[%clk 01:31:15]} {[%emt 00:01:40]} Re8 {[%clk
01:26:45]} 12. Nf1 {[%clk 01:30:29]} {[%emt 00:07:18]} Bf8 {[%clk 01:26:51]} 13.
Ng3 {[%clk 01:14:28]} {[%emt 00:22:55]} h6 {[%clk 01:22:30]} 14. h3 {[%clk
01:02:54]} {[%emt 00:16:55]} Nc6 {[%clk 01:19:52]} 15. Bd2 {[%clk 00:57:31]}
{[%emt 00:09:01]} d5 {[%clk 01:14:31]} 16. Qe2 {[%clk 00:47:15]} {[%emt
00:16:37]} dxe4 {[%clk 01:03:29]} 17. dxe4 {[%clk 00:46:44]} {[%emt 00:12:32]}
Qc7 {[%clk 01:01:36]} 18. Nh4 {[%clk 00:40:23]} {[%emt 00:09:15]} g6 {[%clk
00:49:40]} 19. Be3 {[%clk 00:30:45]} {[%emt 00:22:34]} Be6 {[%clk 00:47:46]} 20.
Qf3 {[%clk 00:23:41]} {[%emt 00:09:57]} Nd7 {[%clk 00:46:19]} {[%emt 00:01:58]}
21. Ne2 {[%clk 00:22:34]} {[%emt 00:01:37]} Bg7 {[%clk 00:44:13]} {[%emt
00:02:36]} 22. g4 {[%clk 00:17:30]} {[%emt 00:05:34]} Nd4 {[%clk 00:35:12]}
{[%emt 00:09:31]} 23. cxd4 {[%clk 00:11:36]} {[%emt 00:06:24]} cxd4 {[%clk
00:35:35]} {[%emt 00:00:06]} 24. Rac1 {[%clk 00:08:44]} {[%emt 00:03:22]} dxe3
{[%clk 00:35:54]} {[%emt 00:00:11]} 25. Qxe3 {[%clk 00:08:31]} {[%emt
00:00:43]} Qb6 {[%clk 00:35:07]} {[%emt 00:01:18]} 26. Ng2 {[%clk 00:02:28]}
{[%emt 00:06:33]} Rac8 {[%clk 00:32:29]} {[%emt 00:03:07]} 27. Bb1 {[%clk
00:01:56]} {[%emt 00:01:02]} Bf8 {[%clk 00:31:50]} {[%emt 00:01:09]} 28. Qxb6
{[%clk 00:01:51]} {[%emt 00:00:36]} Nxb6 {[%clk 00:32:13]} {[%emt 00:00:07]} 29.
Rxc8 {[%clk 00:01:37]} {[%emt 00:00:44]} Rxc8 {[%clk 00:32:12]} {[%emt
00:00:31]} 30. Ne3 {[%clk 00:01:41]} {[%emt 00:00:26]} Bc5 {[%clk 00:28:06]}
{[%emt 00:04:36]} 31. Nc3 {[%clk 00:01:43]} {[%emt 00:00:28]} Bb4 {[%clk
00:27:29]} {[%emt 00:01:08]} 32. Rc1 {[%clk 00:01:41]} {[%emt 00:00:31]} Na4
{[%clk 00:27:25]} {[%emt 00:00:34]} 33. Ned5 {[%clk 00:01:37]} {[%emt
00:00:34]} Bxd5 {[%clk 00:22:02]} {[%emt 00:05:53]} 34. exd5 {[%clk 00:02:04]}
{[%emt 00:00:03]} Nxb2 {[%clk 00:21:20]} {[%emt 00:01:12]} 35. Ne2 {[%clk
00:02:21]} {[%emt 00:00:13]} Rxc1+ {[%emt 00:01:05]} 36. Nxc1 Kf8 {[%clk
00:20:56]} {[%emt 00:00:19]} 37. Nd3 {[%clk 00:02:31]} {[%emt 00:00:49]} Nxd3
{[%clk 00:21:00]} {[%emt 00:00:27]} 38. Bxd3 {[%clk 00:03:00]} Ke7 {[%clk
00:21:19]} {[%emt 00:00:11]} 39. Kf1 {[%clk 00:02:09]} {[%emt 00:01:21]} Kd6
{[%clk 00:21:40]} {[%emt 00:00:09]} 40. Be4 {[%clk 00:31:03]} {[%emt 00:01:35]}
Kc5 {[%clk 00:50:35]} {[%emt 00:01:36]} 41. Ke2 {[%clk 00:27:37]} {[%emt
00:03:56]} Kd4 {[%clk 00:50:37]} {[%emt 00:00:28]} 42. Bc2 {[%clk 00:27:13]}
{[%emt 54:00:54]} Kc3 {[%clk 00:48:44]} {[%emt 00:02:22]} 43. Kd1 {[%clk
00:18:27]} {[%emt 00:09:17]} Bd6 {[%clk 00:43:35]} {[%emt 00:05:38]} 44. Kc1
{[%clk 00:14:52]} {[%emt 00:04:05]} a5 {[%clk 00:43:38]} {[%emt 00:00:28]} 45.
f3 {[%clk 00:03:56]} Kd4 {[%clk 00:43:20]} {[%emt 00:00:48]} 46. Kd2 {[%clk
00:03:57]} {[%emt 00:00:30]} a4 {[%clk 00:37:49]} {[%emt 00:06:01]} 47. Bd3
{[%clk 00:03:35]} {[%emt 00:00:52]} Kc5 {[%clk 00:34:11]} {[%emt 00:04:08]} 48.
Be4 {[%clk 00:02:19]} {[%emt 00:01:45]} Bc7 {[%clk 00:33:11]} {[%emt 00:01:30]}
49. Kc3 {[%clk 00:02:11]} {[%emt 00:00:37]} b4+ {[%clk 00:33:11]} {[%emt
00:00:30]} 50. Kd2 {[%clk 00:02:02]} {[%emt 00:00:39]} h5 {[%clk 00:30:24]}
{[%emt 00:03:18]} 51. Bc2 {[%clk 00:02:10]} {[%emt 00:00:22]} b3 {[%clk
00:25:16]} {[%emt 00:05:38]} 52. axb3 {[%clk 00:02:35]} {[%emt 00:00:04]} a3
{[%clk 00:25:40]} {[%emt 00:00:06]} 53. Kc1 {[%clk 00:01:59]} {[%emt 00:01:06]}
Kb4 {[%clk 00:25:43]} {[%emt 00:00:27]} 54. Kb1 {[%clk 00:02:10]} {[%emt
00:00:19]} Kc3 {[%clk 00:25:38]} {[%emt 00:00:35]} 55. Be4 {[%clk 00:02:24]}
{[%emt 00:00:16]} Bd6 {[%clk 00:24:56]} {[%emt 00:01:12]} 56. Ka2 {[%clk
00:02:03]} {[%emt 00:00:52]} h4 {[%clk 00:24:58]} {[%emt 00:00:28]} 57. g5
{[%clk 00:01:13]} {[%emt 00:01:20]} Kd4 {[%clk 00:24:38]} {[%emt 00:00:49]} 58.
b4 {[%clk 00:01:21]} {[%emt 00:00:22]} Bxb4 {[%clk 00:24:59]} {[%emt 00:00:09]}
59. d6 {[%clk 00:01:40]} {[%emt 00:00:11]} Bxd6 {[%clk 00:25:19]} {[%emt
00:00:10]} 60. Bc6 {[%clk 00:01:27]} {[%emt 00:00:43]} Ke3 {[%clk 00:23:11]}
{[%emt 00:02:39]} 61. Bd5 {[%clk 00:01:51]} {[%emt 00:00:06]} Kf4 {[%clk
00:23:03]} {[%emt 00:00:38]} 62. Bxf7 {[%clk 00:02:10]} {[%emt 00:00:10]} Kxf3
{[%clk 00:23:16]} {[%emt 00:00:18]} 63. Kb3 {[%clk 00:01:36]} {[%emt 00:01:04]}
e4 {[%clk 00:22:44]} {[%emt 00:01:01]} 0-1

[Event "Senior Women Russian Championship 2022_HL"]
[Site "Saint-Petersburg, Russia"]
[Date "2022.09.28"]
[Round "5.7"]
[White "Gladisheva, Tatjana"]
[Black "Ovsiannikova, Tatiana"]
[Result "1-0"]
[TimeControl "Standard: 90min/40moves+30min/end+30sec increment per move starting from move 1"]
[WhiteElo "2162"]
[BlackElo "2009"]

1. d4 {[%clk 01:30:57]} Nf6 {[%clk 01:30:18]} 2. Nc3 {[%clk 01:31:04]} d5
{[%clk 01:29:53]} 3. Bf4 {[%clk 01:31:19]} {[%emt 00:00:02]} c6 {[%clk
01:29:52]} 4. e3 {[%clk 01:31:28]} {[%emt 00:00:04]} Bf5 {[%clk 01:30:00]}
{[%emt 00:00:22]} 5. f3 {[%clk 01:31:44]} {[%emt 00:00:14]} h6 {[%clk
01:29:58]} {[%emt 00:00:31]} 6. Bd3 {[%clk 01:30:23]} {[%emt 00:01:51]} Bxd3
{[%clk 01:30:02]} {[%emt 00:00:27]} 7. Qxd3 {[%clk 01:29:53]} {[%emt 00:01:00]}
e6 {[%clk 01:30:16]} {[%emt 00:00:16]} 8. g4 {[%clk 01:29:05]} {[%emt
00:01:18]} Bd6 {[%clk 01:30:20]} {[%emt 00:00:26]} 9. Nge2 {[%clk 01:29:30]}
{[%emt 00:00:06]} Bxf4 {[%clk 01:30:14]} {[%emt 00:00:36]} 10. Nxf4 {[%clk
01:29:55]} {[%emt 00:00:05]} Nbd7 {[%clk 01:30:08]} {[%emt 00:00:36]} 11. O-O-O
{[%clk 01:30:00]} {[%emt 00:00:24]} Qc7 {[%clk 01:29:26]} {[%emt 00:01:13]} 12.
h4 {[%clk 01:22:49]} {[%emt 00:07:41]} O-O-O {[%clk 01:28:52]} {[%emt
00:01:05]} 13. g5 {[%clk 01:22:55]} {[%emt 00:00:24]} Ne8 {[%clk 01:27:45]}
{[%emt 00:01:37]} 14. g6 {[%clk 01:16:40]} {[%emt 00:12:44]} Nb6 {[%clk
01:27:46]} {[%emt 00:00:29]} 15. gxf7 {[%clk 01:13:55]} {[%emt 00:03:15]} Qxf7
{[%clk 01:24:36]} {[%emt 00:03:40]} 16. Qg6 {[%clk 01:11:20]} {[%emt 00:03:05]}
Nd6 {[%clk 01:21:34]} {[%emt 00:03:31]} 17. Rhg1 {[%clk 01:00:05]} {[%emt
00:11:46]} Qxg6 {[%clk 01:17:43]} {[%emt 00:04:22]} 18. Nxg6 {[%clk 00:52:30]}
{[%emt 00:08:05]} Rhe8 {[%clk 01:17:42]} {[%emt 00:00:31]} 19. e4 {[%clk
00:52:23]} {[%emt 00:00:37]} Rd7 {[%clk 01:15:59]} {[%emt 00:02:11]} 20. Ne5
{[%clk 00:50:39]} {[%emt 00:02:15]} Rc7 {[%clk 01:16:03]} {[%emt 00:00:26]} 21.
b3 {[%clk 00:48:08]} {[%emt 00:03:01]} c5 {[%clk 01:08:40]} {[%emt 00:07:53]}
22. Kb2 {[%clk 00:37:34]} {[%emt 00:11:04]} c4 {[%clk 01:05:03]} {[%emt
00:04:07]} 23. Rg6 {[%clk 00:36:35]} {[%emt 00:01:29]} dxe4 {[%clk 01:02:22]}
{[%emt 00:03:11]} 24. fxe4 {[%clk 00:36:39]} {[%emt 00:00:27]} cxb3 {[%clk
01:02:00]} {[%emt 00:00:52]} 25. axb3 {[%clk 00:34:59]} {[%emt 00:02:10]} Kb8
{[%clk 01:02:03]} {[%emt 00:00:25]} 26. Rd3 {[%clk 00:29:05]} {[%emt 00:06:25]}
a6 {[%clk 00:58:05]} {[%emt 00:04:28]} 27. h5 {[%clk 00:28:37]} {[%emt
00:00:59]} Ka7 {[%clk 00:57:17]} {[%emt 00:01:18]} 28. Re3 {[%clk 00:20:19]}
{[%emt 00:08:48]} Ree7 {[%clk 00:50:05]} {[%emt 00:07:41]} 29. Ne2 {[%clk
00:19:58]} {[%emt 00:00:52]} Ne8 {[%clk 00:44:29]} {[%emt 00:06:05]} 30. Nf4
{[%clk 00:14:56]} {[%emt 00:05:32]} Nf6 {[%clk 00:43:58]} {[%emt 00:00:59]} 31.
Rg2 {[%clk 00:15:18]} {[%emt 00:00:10]} Nbd7 {[%clk 00:42:05]} {[%emt
00:02:22]} 32. Neg6 {[%clk 00:13:52]} {[%emt 00:01:58]} Re8 {[%clk 00:42:13]}
{[%emt 00:00:21]} 33. e5 {[%clk 00:14:09]} {[%emt 00:00:13]} Nd5 {[%clk
00:40:45]} {[%emt 00:01:58]} 34. Nxd5 {[%clk 00:14:32]} {[%emt 00:00:08]} exd5
{[%clk 00:41:09]} {[%emt 00:00:06]} 35. Nf4 {[%clk 00:14:30]} {[%emt 00:00:31]}
Nb6 {[%clk 00:40:26]} {[%emt 00:01:13]} 36. Rg6 {[%clk 00:14:43]} {[%emt
00:00:17]} Rf7 {[%clk 00:36:40]} {[%emt 00:04:16]} 37. Ne6 {[%clk 00:11:54]}
{[%emt 00:03:19]} Ree7 {[%clk 00:34:49]} {[%emt 00:02:21]} 38. Reg3 {[%clk
00:11:06]} {[%emt 00:01:18]} Rf2 {[%clk 00:31:53]} {[%emt 00:03:25]} 39. Nc5
{[%clk 00:10:13]} {[%emt 00:01:24]} Rh2 {[%clk 00:29:13]} {[%emt 00:03:09]} 40.
Rxg7 {[%clk 00:40:19]} {[%emt 00:00:25]} Nc8 {[%clk 00:59:19]} {[%emt
00:00:24]} 41. Rxe7 {[%clk 00:27:34]} {[%emt 00:13:15]} Nxe7 {[%clk 00:59:46]}
{[%emt 00:00:03]} 42. Rg7 {[%clk 00:27:59]} {[%emt 00:00:06]} Nf5 {[%clk
00:59:27]} {[%emt 00:00:48]} 43. Rxb7+ {[%clk 00:28:08]} {[%emt 00:00:22]} Ka8
{[%clk 00:59:44]} {[%emt 00:00:12]} 44. Rb6 {[%clk 00:27:14]} {[%emt 00:01:24]}
Nxd4 {[%clk 00:59:30]} {[%emt 00:00:44]} 45. Rxa6+ {[%clk 00:27:34]} {[%emt
00:00:11]} Kb8 {[%clk 00:59:48]} {[%emt 00:00:12]} 46. Kc3 {[%clk 00:27:23]}
{[%emt 00:00:41]} Ne2+ {[%clk 00:57:28]} {[%emt 00:02:49]} 47. Kb4 {[%clk
00:27:09]} {[%emt 00:00:45]} Rxh5 {[%clk 00:56:35]} {[%emt 54:01:22]} 48. e6
{[%emt 00:02:25]} 1-0

[Event "Senior Women Russian Championship 2022_HL"]
[Site "Saint-Petersburg, Russia"]
[Date "2022.09.28"]
[Round "5.8"]
[White "Saunina, Ludmila"]
[Black "Kozlovskaya, Valentina"]
[Result "1-0"]
[TimeControl "Standard: 90min/40moves+30min/end+30sec increment per move starting from move 1"]
[WhiteElo "1902"]
[BlackElo "2067"]

1. d4 {[%clk 01:30:48]} d5 {[%clk 01:30:46]} 2. c4 {[%clk 01:31:05]} e6 {[%clk
01:30:49]} 3. Nc3 {[%clk 01:31:30]} Nf6 {[%clk 01:30:55]} 4. Bg5 {[%clk
01:31:54]} Be7 {[%clk 01:31:18]} 5. e3 {[%clk 01:32:17]} O-O {[%clk 01:31:17]}
{[%emt 00:00:02]} 6. Nf3 {[%clk 01:32:43]} c6 {[%clk 01:26:53]} {[%emt
00:04:19]} 7. Qc2 {[%clk 01:32:45]} {[%emt 00:00:28]} Re8 {[%clk 01:20:49]}
{[%emt 00:06:34]} 8. h3 {[%clk 01:31:13]} {[%emt 00:02:01]} Nbd7 {[%clk
01:20:39]} {[%emt 00:00:41]} 9. cxd5 {[%clk 01:31:16]} {[%emt 00:00:27]} exd5
{[%clk 01:20:36]} {[%emt 00:00:32]} 10. Bd3 {[%clk 01:31:19]} {[%emt 00:00:28]}
Nf8 {[%clk 01:15:06]} {[%emt 00:11:59]} 11. O-O {[%clk 01:31:08]} {[%emt
00:00:41]} Be6 {[%clk 01:11:08]} {[%emt 00:04:29]} 12. Rab1 {[%clk 01:25:36]}
{[%emt 00:06:02]} N6d7 {[%clk 01:07:25]} {[%emt 00:04:12]} 13. Bf4 {[%clk
01:24:52]} {[%emt 00:01:15]} Ng6 {[%clk 01:05:37]} {[%emt 00:02:17]} 14. Bg3
{[%clk 01:24:37]} {[%emt 00:00:46]} Ndf8 {[%clk 00:52:53]} {[%emt 00:13:14]} 15.
b4 {[%clk 01:24:13]} {[%emt 00:00:54]} Bd6 {[%clk 00:50:10]} {[%emt 00:03:13]}
16. Bxd6 {[%clk 01:18:54]} {[%emt 00:05:50]} Qxd6 {[%clk 00:50:38]} {[%emt
00:00:01]} 17. b5 {[%clk 01:19:16]} {[%emt 00:00:08]} Bd7 {[%clk 00:48:02]}
{[%emt 00:03:06]} 18. a4 {[%clk 01:16:31]} {[%emt 00:03:15]} Rac8 {[%clk
00:45:55]} {[%emt 00:02:37]} 19. Qb3 {[%clk 01:15:12]} {[%emt 00:01:50]} Qf6
{[%clk 00:44:27]} {[%emt 00:01:57]} 20. Be2 {[%clk 01:12:05]} {[%emt 00:03:36]}
Qd6 {[%clk 00:38:42]} {[%emt 00:06:15]} 21. Rfc1 {[%clk 01:10:38]} {[%emt
00:01:58]} h6 {[%clk 00:37:44]} {[%emt 00:01:29]} 22. a5 {[%clk 01:10:06]}
{[%emt 00:01:01]} cxb5 {[%clk 00:31:03]} {[%emt 00:07:11]} 23. Bxb5 {[%clk
01:07:37]} {[%emt 00:02:59]} Bc6 {[%clk 00:24:16]} {[%emt 00:07:17]} 24. Qa2
{[%clk 01:04:50]} {[%emt 00:03:17]} Nd7 {[%clk 00:20:55]} {[%emt 00:03:51]} 25.
Bxc6 {[%clk 01:03:11]} {[%emt 00:02:08]} bxc6 {[%clk 00:21:21]} {[%emt
00:00:04]} 26. Rb7 {[%clk 01:03:12]} {[%emt 00:00:29]} a6 {[%clk 00:20:01]}
{[%emt 00:01:51]} 27. Na4 {[%clk 00:58:03]} {[%emt 00:05:38]} Rb8 {[%clk
00:18:36]} {[%emt 00:01:56]} 28. Ra7 {[%clk 00:54:10]} {[%emt 00:04:23]} Ra8
{[%clk 00:17:36]} {[%emt 00:01:29]} 29. Rxd7 {[%clk 00:53:27]} {[%emt
00:01:13]} Qxd7 {[%clk 00:18:05]} {[%emt 00:00:01]} 30. Nb6 {[%clk 00:53:49]}
{[%emt 00:00:09]} Qb7 {[%clk 00:17:23]} {[%emt 00:01:11]} 31. Nxa8 {[%clk
00:54:00]} {[%emt 00:00:20]} Qxa8 {[%clk 00:17:51]} 32. Qa4 {[%clk 00:54:03]}
{[%emt 00:00:27]} Rc8 {[%clk 00:16:56]} {[%emt 00:01:25]} 33. Nd2 {[%clk
00:50:27]} {[%emt 00:04:06]} Ne7 {[%clk 00:16:07]} {[%emt 00:01:19]} 34. Qb4
{[%clk 00:49:43]} {[%emt 00:01:14]} Kf8 {[%clk 00:13:09]} {[%emt 00:03:28]} 35.
Rb1 {[%clk 00:49:16]} {[%emt 00:00:58]} Ke8 {[%clk 00:09:11]} {[%emt 00:04:27]}
36. Qd6 {[%clk 00:48:06]} {[%emt 00:01:40]} Rd8 {[%clk 00:06:08]} {[%emt
00:03:33]} 37. Qg3 {[%clk 00:46:58]} {[%emt 00:01:38]} Kf8 {[%clk 00:06:14]}
{[%emt 00:00:25]} 38. Rb6 {[%clk 00:46:22]} {[%emt 00:01:05]} Qc8 {[%clk
00:04:40]} {[%emt 00:02:04]} 39. Nb3 {[%clk 00:46:02]} {[%emt 00:00:50]} Nf5
{[%clk 00:04:21]} {[%emt 00:00:49]} 40. Qg4 {[%clk 01:15:22]} {[%emt 00:01:10]}
g6 {[%clk 00:34:34]} {[%emt 00:00:17]} 41. Nc5 {[%clk 01:15:11]} {[%emt
00:00:42]} Nd6 {[%clk 00:13:16]} {[%emt 00:21:48]} 42. Qxc8 {[%clk 01:13:39]}
{[%emt 00:02:01]} Rxc8 {[%clk 00:13:44]} {[%emt 00:00:02]} 43. Rxa6 {[%clk
01:13:36]} {[%emt 00:00:34]} Ke8 {[%clk 00:10:57]} {[%emt 00:03:16]} 44. Ra7
{[%clk 01:12:26]} {[%emt 00:01:40]} Rb8 {[%clk 00:02:20]} {[%emt 54:09:07]} 45.
a6 {[%clk 01:07:22]} {[%emt 00:05:35]} 1-0

[Event "Senior Women Russian Championship 2022_HL"]
[Site "Saint-Petersburg, Russia"]
[Date "2022.09.28"]
[Round "5.9"]
[White "Chernikova, Svetlana"]
[Black "Kapelkina, Galina"]
[Result "1/2-1/2"]
[TimeControl "Standard: 90min/40moves+30min/end+30sec increment per move starting from move 1"]
[WhiteElo "2008"]
[BlackElo "1644"]

1. e4 {[%clk 01:30:52]} e5 {[%clk 01:31:21]} 2. Nf3 {[%clk 01:31:05]} Nc6
{[%clk 01:31:46]} 3. Bc4 {[%emt 00:00:02]} Nf6 4. d3 {[%clk 01:31:19]} Be7
{[%clk 01:31:28]} 5. Nc3 {[%clk 01:30:58]} {[%emt 00:00:29]} O-O {[%clk
01:31:36]} {[%emt 00:00:22]} 6. O-O {[%clk 01:31:00]} {[%emt 00:00:29]} d6
{[%clk 01:31:57]} {[%emt 00:00:08]} 7. h3 {[%clk 01:31:05]} {[%emt 00:00:25]}
Na5 {[%clk 01:32:09]} {[%emt 00:00:17]} 8. a4 {[%clk 01:27:48]} {[%emt
00:03:49]} Nxc4 {[%clk 01:32:26]} {[%emt 00:00:12]} 9. dxc4 {[%clk 01:28:05]}
{[%emt 00:00:14]} c6 {[%clk 01:32:25]} {[%emt 00:00:29]} 10. b3 {[%clk
01:25:46]} {[%emt 00:02:50]} Bd7 {[%clk 01:27:52]} {[%emt 00:05:01]} 11. Ba3
{[%clk 01:17:54]} {[%emt 00:14:24]} Be6 {[%clk 01:24:58]} {[%emt 00:03:23]} 12.
Ng5 {[%clk 01:11:44]} {[%emt 00:06:42]} Qd7 {[%clk 01:21:47]} {[%emt 00:03:32]}
13. Qd3 {[%clk 01:09:08]} {[%emt 00:03:14]} h6 {[%clk 01:21:57]} {[%emt
00:00:20]} 14. Nxe6 {[%clk 01:06:57]} {[%emt 00:02:42]} fxe6 {[%clk 01:22:02]}
{[%emt 00:00:25]} 15. Rad1 {[%clk 01:05:44]} {[%emt 00:01:43]} Rad8 {[%clk
01:20:42]} {[%emt 00:01:49]} 16. Qe3 {[%clk 00:47:28]} {[%emt 00:18:47]} b6
{[%clk 01:16:56]} {[%emt 00:04:13]} 17. a5 {[%clk 00:38:13]} {[%emt 00:09:49]}
Qb7 {[%clk 01:13:18]} {[%emt 00:04:01]} 18. Bc1 {[%clk 00:30:41]} {[%emt
00:08:07]} bxa5 {[%clk 01:11:05]} {[%emt 00:02:43]} 19. Bd2 {[%clk 00:29:39]}
{[%emt 00:01:32]} Nh7 {[%clk 00:54:45]} {[%emt 00:16:49]} 20. Ra1 {[%clk
00:24:43]} {[%emt 00:05:27]} Bg5 {[%clk 00:50:26]} {[%emt 00:04:49]} 21. Qe2
{[%clk 00:24:59]} {[%emt 00:00:15]} Rf7 {[%clk 00:44:39]} {[%emt 00:06:16]}
1/2-1/2